Words that Start with "Omni-" - Statistics

General Stats
  • This quiz has been taken 64 times
  • The average score is 4 of 10
Answer Stats
Answer % Correct
Omnipotent
74%
Omnipresent
69%
Omniscient
60%
Omnivore
60%
Omnibus
42%
Omniscience
34%
Omnivorous
32%
Omnipotence
26%
Omnipresence
21%
Omnidirectional
15%
No matching quizzes found
Score Distribution
Percent of People with Each Score
Percentile by Number Answered
Your Score History
You have not taken this quiz